000 00300nam a22001337a 4500
008 181023b xxu||||| |||| 00| 0 eng d
020 _a9781599211176
041 _aeng
080 _a620
100 _a27
101 _aMEK
245 _aOil and the Future of Energy
_cLyons Press
942 _2udc
_cBK
999 _c50606
_d50606